<?xml version="1.0" encoding="UTF-8"?>
<record
    xmlns:xsi="http://www.w3.org/2001/XMLSchema-instance"
    xsi:schemaLocation="http://www.loc.gov/MARC21/slim http://www.loc.gov/standards/marcxml/schema/MARC21slim.xsd"
    xmlns="http://www.loc.gov/MARC21/slim">

  <leader>03084cam a22004815i 4500</leader>
  <datafield tag="999" ind1=" " ind2=" ">
    <subfield code="c">27112</subfield>
    <subfield code="d">27084</subfield>
  </datafield>
  <controlfield tag="001">013188214</controlfield>
  <controlfield tag="003">Uk</controlfield>
  <controlfield tag="005">20190211115551.0</controlfield>
  <controlfield tag="008">981120s    2007enka   frf    001 0 eng d</controlfield>
  <datafield tag="015" ind1=" " ind2=" ">
    <subfield code="a">GBA537491</subfield>
    <subfield code="2">bnb</subfield>
  </datafield>
  <datafield tag="016" ind1="7" ind2=" ">
    <subfield code="a">013188214</subfield>
    <subfield code="2">Uk</subfield>
  </datafield>
  <datafield tag="020" ind1=" " ind2=" ">
    <subfield code="a">9780470021774 (v. 9) </subfield>
  </datafield>
  <datafield tag="020" ind1=" " ind2=" ">
    <subfield code="a">0470021772 (v. 9) </subfield>
  </datafield>
  <datafield tag="040" ind1=" " ind2=" ">
    <subfield code="a">Uk</subfield>
    <subfield code="b">eng</subfield>
    <subfield code="c">Uk</subfield>
    <subfield code="d">Uk</subfield>
    <subfield code="d">EG-ScBUE</subfield>
  </datafield>
  <datafield tag="082" ind1="0" ind2="4">
    <subfield code="a">547.2</subfield>
    <subfield code="2">22</subfield>
    <subfield code="b">HAN</subfield>
  </datafield>
  <datafield tag="245" ind1="0" ind2="0">
    <subfield code="a">Handbook of reagents for organic synthesis :</subfield>
    <subfield code="b">fluorine-containing reagents /</subfield>
    <subfield code="c">edited by Leo A. Paquette.</subfield>
  </datafield>
  <datafield tag="264" ind1=" " ind2="1">
    <subfield code="a">West Sussex, England :</subfield>
    <subfield code="b">John Wiley &amp; Sons Ltd,</subfield>
    <subfield code="c">c.2007.</subfield>
  </datafield>
  <datafield tag="300" ind1=" " ind2=" ">
    <subfield code="a">xi, 712 pages :</subfield>
    <subfield code="b">illustrations ;</subfield>
    <subfield code="c">29 cm.</subfield>
  </datafield>
  <datafield tag="336" ind1=" " ind2=" ">
    <subfield code="a">text</subfield>
    <subfield code="2">rdacontent</subfield>
  </datafield>
  <datafield tag="337" ind1=" " ind2=" ">
    <subfield code="a">unmediated</subfield>
    <subfield code="2">rdamedia</subfield>
  </datafield>
  <datafield tag="338" ind1=" " ind2=" ">
    <subfield code="a">volume</subfield>
    <subfield code="2">rdacarrier</subfield>
  </datafield>
  <datafield tag="504" ind1=" " ind2=" ">
    <subfield code="a">Includes bibliographical references and indexes.</subfield>
  </datafield>
  <datafield tag="505" ind1="1" ind2=" ">
    <subfield code="a">[1]. Reagents, auxiliaries, and catalysts for C-C bond formation / edited by Robert M. Coates and Scott E. Denmark -- [2]. Oxidizing and reducing agents / edited by Steven D. Burke and Rick L. Danheiser -- [3]. Acidic and basic reagents / edited by Hans J. Reich and James H. Rigby -- [4]. Activating agents and protecting groups / edited by Anthony J. Pearson and William R. Roush -- [5]. Chiral reagents for asymmetric synthesis / edited by Leo A. Paquette -- [6]. Reagents for high-throughput solid-phase and solution-phase organic synthesis / edited by Peter Wipf -- [7]. Reagents for glycosides, nucleotide and peptide synthesis / edited by David Crich -- [8]. Reagents for direct functionalization of C-H bonds /edited by Philip L. Fuchs -- [9]. Fluorine-containing reagents / edited by Leo A. Paquette -- [10]. Catalyst components for coupling reactions / edited by Gary Molander -- [11]. Reagents for radical and radical ion chemistry / edited by David Crich -- [12]. Sulfur-containing reagents -- [13]. Reagents for silicon-mediated organic synthesis / edited by Philip L. Fuchs -- [14]. Catalytic oxidation reagents / edited by Philip L. Fuchs.</subfield>
  </datafield>
  <datafield tag="650" ind1=" " ind2="7">
    <subfield code="a">Chemical tests and reagents.</subfield>
    <subfield code="2">BUEsh</subfield>
    <subfield code="9">41976</subfield>
  </datafield>
  <datafield tag="650" ind1=" " ind2="7">
    <subfield code="a">Organic compounds </subfield>
    <subfield code="x">Synthesis.</subfield>
    <subfield code="2">BUEsh</subfield>
    <subfield code="9">41977</subfield>
  </datafield>
  <datafield tag="653" ind1=" " ind2=" ">
    <subfield code="b">ENGCHE</subfield>
    <subfield code="c">February2019</subfield>
  </datafield>
  <datafield tag="740" ind1="0" ind2="2">
    <subfield code="a">Reagents, auxiliaries, and catalysts for C-C bond formation.</subfield>
  </datafield>
  <datafield tag="740" ind1="0" ind2="2">
    <subfield code="a">Oxidizing and reducing agents.</subfield>
  </datafield>
  <datafield tag="740" ind1="0" ind2="2">
    <subfield code="a">Acidic and basic reagents.</subfield>
  </datafield>
  <datafield tag="740" ind1="0" ind2="2">
    <subfield code="a">Activating agents and protecting groups.</subfield>
  </datafield>
  <datafield tag="740" ind1="0" ind2="2">
    <subfield code="a">Chiral reagents for asymmetric synthesis.</subfield>
  </datafield>
  <datafield tag="740" ind1="0" ind2="2">
    <subfield code="a">Reagents for high-throughput solid-phase and solution-phase organic synthesis.</subfield>
  </datafield>
  <datafield tag="740" ind1="0" ind2="2">
    <subfield code="a">Reagents for glycosides, nucleotide and peptide synthesis.</subfield>
  </datafield>
  <datafield tag="740" ind1="0" ind2="2">
    <subfield code="a">Reagents for direct functionalization of C-H bonds.</subfield>
  </datafield>
  <datafield tag="740" ind1="0" ind2="2">
    <subfield code="a">Fluorine-containing reagents.</subfield>
  </datafield>
  <datafield tag="740" ind1="0" ind2="2">
    <subfield code="a">Catalyst components for coupling reactions.</subfield>
  </datafield>
  <datafield tag="740" ind1="0" ind2="2">
    <subfield code="a">Reagents for radical and radical ion chemistry.</subfield>
  </datafield>
  <datafield tag="740" ind1="0" ind2="2">
    <subfield code="a">Sulfur-containing reagents.</subfield>
  </datafield>
  <datafield tag="740" ind1="0" ind2="2">
    <subfield code="a">Reagents for silicon-mediated organic synthesis.</subfield>
  </datafield>
  <datafield tag="740" ind1="0" ind2="2">
    <subfield code="a">Catalytic oxidation reagents.</subfield>
  </datafield>
  <datafield tag="856" ind1="4" ind2=" ">
    <subfield code="3">Table of Contents</subfield>
    <subfield code="u">http://www.loc.gov/catdir/toc/onix05/98053088.html</subfield>
  </datafield>
  <datafield tag="942" ind1=" " ind2=" ">
    <subfield code="2">ddc</subfield>
    <subfield code="c">BB</subfield>
  </datafield>
  <datafield tag="952" ind1=" " ind2=" ">
    <subfield code="0">0</subfield>
    <subfield code="1">0</subfield>
    <subfield code="2">ddc</subfield>
    <subfield code="4">0</subfield>
    <subfield code="7">0</subfield>
    <subfield code="a">MAIN</subfield>
    <subfield code="b">MAIN</subfield>
    <subfield code="c">1ST</subfield>
    <subfield code="d">2019-02-11</subfield>
    <subfield code="e">Donation</subfield>
    <subfield code="l">0</subfield>
    <subfield code="o">547.2 HAN</subfield>
    <subfield code="p">000044206</subfield>
    <subfield code="r">2025-07-15 00:00:00</subfield>
    <subfield code="w">2019-02-11</subfield>
    <subfield code="y">BB</subfield>
  </datafield>
</record>
